Reklama a niektoré jej legislatívne obmedzenia v podmienkach Slovenskej republiky

Analýza európskej a najmä národnej právnej úpravy reklamy v kontexte rozhodovacej činnosti slovenských orgánov verejnej moci dohliadajúcich na dodržiavanie zákonných obmedzení propagácie vybraných produktov. Problémy v aplikačnej praxi, najmä pri rozhodovaní správnych orgánov a návrh spôsobov odstrá...

Descrizione completa

Salvato in:
Dettagli Bibliografici
Autore principale: Peráček, Tomáš
Natura: Capitolo di libro
Lingua:slovacco
Soggetti:
Tags: Aggiungi Tag
Nessun Tag, puoi essere il primo ad aggiungerne!!

MARC

LEADER 00000naa a2200000 4500
001 0257504
005 20190815080012.1
041 0 |a slo 
044 |a SK 
245 1 0 |a Reklama a niektoré jej legislatívne obmedzenia v podmienkach Slovenskej republiky  |c Tomáš Peráček 
520 |a Analýza európskej a najmä národnej právnej úpravy reklamy v kontexte rozhodovacej činnosti slovenských orgánov verejnej moci dohliadajúcich na dodržiavanie zákonných obmedzení propagácie vybraných produktov. Problémy v aplikačnej praxi, najmä pri rozhodovaní správnych orgánov a návrh spôsobov odstránenia zistených nedostatkov konkrétnymi postupmi. 
610 2 0 |a Slovensko 
610 2 0 |a reklama 
610 2 0 |a propagácia 
610 2 0 |a legislatíva 
610 2 0 |a harmonizácia 
610 2 0 |a Európska únia 
100 1 |a Peráček, Tomáš